| 000 | 00455nam a2200157Ia 4500 | ||
|---|---|---|---|
| 008 | 210716s2014 xx 000 0 und d | ||
| 020 | _a9788131520796 | ||
| 041 | _aeng | ||
| 082 | _a658.8 HUTM | ||
| 100 | _aHutt, Michael D;Sharma, Dheeraj;Speh, Thomas W. | ||
| 245 |
_aB2B marketing: a south asian perspective. _bSouth asian perspective. |
||
| 250 | _a11 | ||
| 260 |
_aNew Delhi _bCengage Learning _c2014 |
||
| 300 | _axxix,522 | ||
| 650 | _aMarketing | ||
| 999 |
_c209631 _d209631 |
||